<?xml version="1.0" encoding="UTF-8"?>
<record
    xmlns:xsi="http://www.w3.org/2001/XMLSchema-instance"
    xsi:schemaLocation="http://www.loc.gov/MARC21/slim http://www.loc.gov/standards/marcxml/schema/MARC21slim.xsd"
    xmlns="http://www.loc.gov/MARC21/slim">

  <leader>00371nam a22001457a 4500</leader>
  <controlfield tag="005">20170406114646.0</controlfield>
  <controlfield tag="008">170406b        xxu||||| |||| 00| 0 eng d</controlfield>
  <datafield tag="020" ind1=" " ind2=" ">
    <subfield code="a">978-81-7233-655-4</subfield>
  </datafield>
  <datafield tag="041" ind1=" " ind2=" ">
    <subfield code="a">eng</subfield>
  </datafield>
  <datafield tag="100" ind1=" " ind2=" ">
    <subfield code="a">KANNAIYAN, DR. S. AND OTHERS</subfield>
    <subfield code="9">3844</subfield>
  </datafield>
  <datafield tag="245" ind1=" " ind2=" ">
    <subfield code="a">BIOFERTILIZER TECHNOLOGY</subfield>
  </datafield>
  <datafield tag="260" ind1=" " ind2=" ">
    <subfield code="a">INDIA</subfield>
    <subfield code="b">SCIENTIFIC PUBLISHERS</subfield>
    <subfield code="c">2004</subfield>
  </datafield>
  <datafield tag="300" ind1=" " ind2=" ">
    <subfield code="a">450</subfield>
  </datafield>
  <datafield tag="942" ind1=" " ind2=" ">
    <subfield code="c">BK</subfield>
  </datafield>
  <datafield tag="999" ind1=" " ind2=" ">
    <subfield code="c">5440</subfield>
    <subfield code="d">5438</subfield>
  </datafield>
  <datafield tag="952" ind1=" " ind2=" ">
    <subfield code="0">0</subfield>
    <subfield code="1">0</subfield>
    <subfield code="4">0</subfield>
    <subfield code="7">0</subfield>
    <subfield code="8">REF</subfield>
    <subfield code="a">JRU</subfield>
    <subfield code="b">JRU</subfield>
    <subfield code="c">SHELF-2-C</subfield>
    <subfield code="d">2017-04-06</subfield>
    <subfield code="e">PURCHESS</subfield>
    <subfield code="g">2550.00</subfield>
    <subfield code="l">0</subfield>
    <subfield code="o">631.847</subfield>
    <subfield code="p">21750</subfield>
    <subfield code="r">2017-04-06 00:00:00</subfield>
    <subfield code="w">2017-04-06</subfield>
    <subfield code="y">BK</subfield>
  </datafield>
</record>
